000 00578nam a22002177a 4500
003 UA-OsUOA
001 76111
007 ta
008 20110615b un ||||| |||| 00| 0 ukr d
100 _aРябініна Л.
090 _a330(477)
_bР98
942 _cSA
040 _aUA-OsUOA
_bukr
_cUA-OsUOA
_dUA-OsUOA
245 _aСутнісні особливості сучасних грошей та їх функції
300 _aС.40-50
955 _a0
041 _aukr
080 _a330(477)
773 0 _w76109
650 7 _a330 Економіка взагалі
_2UDC
999 _c362407
_d362407